| 000 | 00519nam a2200169Ia 4500 | ||
|---|---|---|---|
| 003 | IN-BaIIA | ||
| 008 | 211028s9999 xx s 000 0 eng d | ||
| 020 | _a9781510621954 (Print) | ||
| 020 | _a9781510621961 (Online) | ||
| 040 | _cIIA Library | ||
| 100 |
_aAndrews, David L. _941000 |
||
| 245 | 0 |
_aIntroduction to Photon Science and Technology _h[eBook] |
|
| 260 |
_aWashington, USA _bSPIE _c2018 |
||
| 300 | _aOnline resource | ||
| 856 |
_uhttps://doi.org/10.1117/3.2503743 _yClick Here to Access eBook |
||
| 942 | _cEB | ||
| 999 |
_c22315 _d22315 |
||